00249nam a2200085Ia 450000100070000000500170000700800410002424500780006526000200014364228620250826153523.0250824s9999 xx 000 0 und d 0aDAVRANIŞ KAZANDIRICI HİKAYELER Görevini unutan saatchatice bilici bNESİL ÇOCUK